Joueurs ayant le plus de sélection nationale - Statistiques

Statistiques générales
  • Ce quiz a été pris 129 fois
    18 depuis la dernière actualisation
  • Le résultat moyen est 6 sur 30
Statistiques - réponses
Nombre de sélections Joueur Infos % Correct
226 Cristiano Ronaldo Portugal, 2003-
100%
198 Lionel Messi Argentine, 2005-
100%
195 Luka Modrić Croatie, 2006-
88%
179 Sergio Ramos Espagne, 2005-2021
69%
167 Alexis Sánchez Chili, 2006- 2025
56%
176 Gianluigi Buffon Italie, 1997-2018
56%
177 Claudio Suárez Mexique, 1992-2006
50%
167 Iker Casillas Espagne, 2000-2016
31%
161 Diego Godín Uruguay, 2005-2022
19%
178 Andrés Guardado Mexique, 2005-2022
13%
184 Ahmed Hassan Égypte, 1995-2012
6%
170 Hossam Hassan Égypte, 1985-2006
6%
162 Robert Lewandowski Pologne, 2008-
6%
161 Adnan Al-Talyani Émirats arabes unis, 1983-1997
0%
183 Ahmed Moubarak Oman, 2003-2019
0%
173 Amer Shafi Jordanie, 2002-2021
0%
202 Bader Al-Mutawa Koweït, 2003-2022
0%
159 Celso Borges Costa Rica, 2008-2023
0%
164 Cobi Jones États-Unis, 1992-2004
0%
157 Essam el-Hadari Égypte, 1996-2018
0%
161 Gary Medel Chili, 2007-2023
0%
184 Hassan Al Haydos Qatar, 2008-
0%
168 Iván Hurtado Équateur, 1992-2014
0%
157 Martin Reim Estonie, 1992-2009
0%
175 Maynor Figueroa Honduras, 2003-2022
0%
173 Mohammed al-Deayea Arabie saoudite, 1993-2006
0%
163 Mohammed al-Khilaiwi Arabie saoudite, 1990-2001
0%
163 Shukor Salleh Malaisie, 1970-1981
0%
195 Soh Chin Ann Malaisie, 1969-1984
0%
165 Vitālijs Astafjevs Lettonie, 1992-2010
0%
Aucun quiz correspondant
Distribution des résultats
% des personnes avec chaque résultat
Percentile par nombre de réponses
Votre historique - résultats
Vous n’avez pas pris ce quiz depuis la dernière actualisation